000 00315nam a2200121Ia 4500
008 220120s9999||||xx |||||||||||||| ||und||
082 _a005.1 BAL
100 _aBalaguruswamy, E
245 0 _aObject orianted programming in C++
260 _bNew Delhi
300 _a1043p.
_b0
650 _aMachine Design and Drawing
999 _c136410
_d136410